Parties du corps en espagnol - Statistiques

Statistiques générales
  • Ce quiz a été pris 316 fois
  • Le résultat moyen est 11 sur 24
Statistiques - réponses
Hint Réponse % Correct
Bouche Boca
93%
Tête Cabeza
90%
Main Mano
90%
Oeil Ojo
86%
Corps Cuerpo
80%
Pied Pie
75%
Nez Nariz
71%
Bras Brazo
69%
Oreille Oreja
61%
Cou Cuello
52%
Lèvre Labio
45%
Genou Rodilla
45%
Front Frente
44%
Orteil Dedo
28%
Sourcil Ceja
25%
Cheville Tobillo
22%
Cil Cil
19%
Joue Mejilla / Carrillo
16%
Hanche Cadera
13%
Ventre Estomago
13%
Nombril Ombligo
13%
Talon Tacon
7%
Mollet Pantorilla
5%
Cuisse Hermetico
1%
Aucun quiz correspondant
Distribution des résultats
% des personnes avec chaque résultat
Percentile par nombre de réponses
Votre historique - résultats
Vous n’avez pas pris ce quiz